01478nam a2200241Ia 4500001001100000003001000011008004100021040002500062041001400087100005100101245007800152250001200230260008800242300002700330500026200357501011400619520026200733650002300995942000701018957000601025999004301031952016201074L248-15044IT-CnALBA170116s9999||||xx |||||||||||||| ||und|| aIT-CnALBAcIT-CnALBA aFRANCESE  aEMMERICH ANNA CATERINA REL. AGOST. gdef. 1824 0aLA DOULOUREUSE PASSION DE N.-S. JESUS-CHRIST. D'APRES LES MEDITATIONS DE  a49a ed. a PARISbTEQUI PIERRE, LIBRAIRIE-EDITEUR c1945 [1° Ed.: - Ed.Ling.Originale: 1835] a376 p. (prefazione: 7) aTRADUZIONE DAL TEDESCO DI M. L'ABBÈ DE CAZALES. VITA DI CATERINA EMMERICH.CENACOLO. ULTIMA CENA. LAVANDA DEI PIEDI. ISTITUZIONE DELL'EUCARISTIA. MONTE DEGLI ULIVI. GIUDA. ANNA. CAIFA. PIETRO. PILATO. VIA CRUCIS. ERODE. FLAGELLAZIONE. INCORONAZIONE DI SPIN aSocietà San Paolo EM - Piazza San Paolo, 14 - 12051 ALBA (CN) (non commercial uses only) ® Copyright 2017 aTRADUZIONE DAL TEDESCO DI M. L'ABBÈ DE CAZALES. VITA DI CATERINA EMMERICH.CENACOLO. ULTIMA CENA. LAVANDA DEI PIEDI. ISTITUZIONE DELL'EUCARISTIA. MONTE DEGLI ULIVI. GIUDA. ANNA. CAIFA. PIETRO. PILATO. VIA CRUCIS. ERODE. FLAGELLAZIONE. INCORONAZIONE DI SPIN aASCETICA E MISTICA cBK 71 a19794bSI g Copie: 1 c274213d274213 0010406L_2481504471aALBAbALBAd2017-01-16l0oL248-15044r2017-01-16 00:00:00w2017-01-16yBKz(data import: 16 gennaio 2017) - By Epidotti, Vaglietti.